El hombre ilustrado
Saved in:
| Hovedforfatter: | |
|---|---|
| Format: | Bog |
| Sprog: | spansk |
| Udgivet: |
Barcelona
Minotauro-Edhasa
1980
|
| Udgivelse: | 2a. ed |
| Fag: | |
| Tags: |
Tilføj Tag
Ingen Tags, Vær først til at tagge denne postø!
|
MARC
| LEADER | 00000nam a2200000 a 4500 | ||
|---|---|---|---|
| 001 | UCZ6536 | ||
| 003 | CL-VaPUC | ||
| 008 | 951211e19800300SP |||||||||||||||||spa|d | ||
| 082 | 0 | 4 | |a 813 |b BRA |2 21 |
| 100 | 0 | |a Bradbury, Ray |e author |9 350889 | |
| 245 | 1 | 3 | |a El hombre ilustrado |
| 250 | |a 2a. ed | ||
| 300 | |a 269 p | ||
| 942 | |c BK | ||
| 945 | |d 19951211 00:00:00 |a cmena | ||
| 260 | |a Barcelona |b Minotauro-Edhasa |c 1980 | ||
| 650 | 0 | |a Novelas estadounidenses |9 265217 | |
| 650 | 0 | |a Literatura estadounidense |9 317168 | |
| 650 | 0 | |a Ciencia ficción |9 314542 | |
| 583 | |a last modification |c 19951211 00:00:00 |k Rodrigo Vera | ||
| 999 | |c 242735 |d 242733 | ||
| 952 | |0 0 |1 0 |4 0 |6 813_000000000000000_BRA_1980 |7 0 |8 A |9 255870 |a BIBEDU |b BIBEDU |d 2019-11-19 |i 1604864 |l 1 |m 1 |o 813 BRA 1980 |p 1604864 |r 2022-09-27 |s 2022-09-13 |w 2019-11-19 |y BK |k EDU | ||